000 00744nam a2200241Ia 4500
005 20250425161829.0
008 250425s9999 xx 000 0 und d
041 _aspa
043 _aec
082 _a378
100 _aUNIVERSIDAD LAICA, VICENTE ROCAFUERTE
245 0 _aCUARTO(IV) SEMINARIO LATINOAMERICANO DE ESTUDIOS DE POSGRADO. TERCER (III) ENCUENTRO LATINOAMERICANO DE RESPONSABLES DE INVESTIGACION. MEMORIA
250 _a1A ED.
260 _aEcuador
_bUNIVERSIDAD LAICA VICENTE ROCAFUERTE DE GUAYAQUIL
_c1995
260 _aGUAYAQUIL
300 _a283
650 _aEDUCACION SUPERIOR
650 _aEDUCACION-INVESTIGACIONES
650 _aPOSTGRADO-PROGRAMA DE EST
710 _aCONUEP
942 _c01
010 _a31501
999 _c216995
_d216995